00364cam a2200133 4500001001100000008004100011035001500052050002400067100002500091245004400116260003700160300002100197500001200218BFIL012289 1941 spa  aBFIL012289 4aPQ8519b.V3 V5 19411 aVigil, Constancio C. 0aVidas que pasan /cConstancio C. Vigil. aBuenos Aires :bAtlantida,c1941 a181 p. ;c16 cm. a1 ejem.